Responses for show #7533 - Wednesday, May 17, 2017

2017 Teachers Tournament semifinal game 3.

Contestants

[<< previous game]

Holly Cannon, a high school chemistry teacher from Klein, Texas

Michael Camp, a high school Spanish teacher from Chicago, Illinois

Mary Parker, a high school French and English teacher from Rogers, Arkansas

[next game >>]

Jeopardy! Round responses

A 5-STAR SCHOOL LUNCH
THE MAP OF CANADA
MYTHOLOGY
TOM HANKS MOVIE QUOTES
WORD ORIGINS
'ALLO, CURRENT GOVERNOR
    $200 16
caviar

Michael
    $200 18
(Michael: What is Superior?)
(Mary: What is Lake Michigan?)
(Holly: What is... Ontario?)

Huron

MaryMichaelHolly
Triple Stumper
    $200 1
Excalibur

Michael
    $200 9
Forrest Gump

Michael
    $200 15
vodka

Holly
    $200 10
(Michael: Who is Cuomo?)
(Alex: You gotta be a little more specific.)

Andrew Cuomo

Michael
    $400 20
bruschetta

Holly
    $400 19
Vancouver

Mary
    $400 3
the Aztecs

Michael
    $400 13
Sleepless in Seattle

Michael
    $400 25
(Alex: Less than a minute now.)

skipper

Triple Stumper
    $400 11
Jerry Brown

Michael
    $600 21
kobe beef

Holly
    $600 2
the Yukon Territory

Mary
    $600 6
(Holly: What is the Underworld? Or hell?)
(Alex: Be a little more specific.)
(Holly: Um...)
(Alex: The name.)

Hades

MaryHolly
    $600 24
(Michael: What is Captain... can't think of it.)

Captain Phillips

MaryMichael
    $600 26
a poltergeist

Mary
    $600 12
South Carolina

Holly
    $800 22
filet mignon

Mary
    $800 4
the Amundsen Gulf

Triple Stumper
    $800 7
Odin

Mary
    $1,000 29
(Michael: What is Big?)
...
[The end-of-round signal sounds.]

The Da Vinci Code

Michael
    $800 27
tariff

Michael
    $800 14
Louisiana

Mary
    $1000 23
crème brûlée

Holly
    $1000 5
Regina

Michael
    $1000 8
eyes

Holly
    $1000 28
microbe

Triple Stumper
    $1000 17
Indiana

Michael

Scores at the first commercial break (after clue 15):

Mary Michael Holly
$2,800 $2,800 $1,200

Scores at the end of the Jeopardy! Round:

Mary Michael Holly
$5,000 $3,000 $3,000

Double Jeopardy! Round responses

WOMEN OF MUSIC
ORGANIZATIONS
I LOVE LITERATURE
MATH, NOW...
I NEED SOME TUDOR-ING
I GOT 3 As!
    $400 5
Taylor Swift

Michael
    $400 21
the American Lung Association

Mary
    $400 16
Alice in Wonderland

Mary
    $400 13
apex

Holly
    $400 12
the War of the Roses

Michael
    $400 6
candelabra

Holly
    $800 4
En Vogue

Michael
    $800 22
Amnesty International

Holly
    $800 17
James Joyce

Mary
    $800 25
cosine

Holly
    $800 15
Elizabeth I

Mary
    $800 7
sayonara

Michael
    $1200 1
(Holly: Who are The Dixie Chicks?)

the Go-Go's

Holly
Triple Stumper
    $1200 11
YMCA

Holly
    $1200 18
(Michael: What is Dubliners?)

Middlemarch

MaryMichael
    $1200 26
(Holly: What is x + 3?)

x - 3

Holly
Triple Stumper
    $1200 14
(Mary: Who is King John?)
...
(Alex: My horse! My kingdom for a horse!)

Richard III

Mary
Triple Stumper
    $1200 8
(Michael: What is a... don't know.)
(Mary: What is a Niagara?)
[Originally ruled incorrect; ruled correct before the first Daily Double]

a cataract (or Niagara)

MaryMichael
    $1600 2
Aretha Franklin

Michael
    $2,600 23
(Holly: [No response])
...
(Alex: Less than a minute to go now.)

the Gold Star Mothers

Holly
    $1600 19
e e cummings

Mary
    $1600 27
a kite

Holly
    $1600 9
charlatan

Triple Stumper
    $2000 3
Sia (Furler)

Michael
    $2000 24
Al-Anon

Mary
    $2000 20
(Mary: Who is Hunter S. Thompson?)

Norman Mailer

Mary
Triple Stumper
    $2000 28
[The end-of-round signal sounds.]

an imaginary number

Mary
    $2000 10
camaraderie

Triple Stumper

Scores at the end of the Double Jeopardy! Round:

Mary Michael Holly
$12,200 $6,600 $3,200

[wagering suggestions for these scores]

Final Jeopardy! Round responses

ERAS IN U.S. HISTORY
HollyWhat is Reconstruction
$3,200
MichaelWhat is Unification
$4,600
MaryWhat is Reconstruction
$1,500
Reconstruction

Final scores:

Mary Michael Holly
$13,700 $2,000 $6,400
Finalist 3rd place: $10,000 2nd place: $10,000

Game dynamics:

Coryat scores:

Mary Michael Holly
$12,200 $7,600 $5,800
17 R,
3 W
16 R,
5 W
(including 1 DD)
12 R,
5 W
(including 1 DD)

Combined Coryat: $25,600

The J! Archive is created by fans, for fans. The Jeopardy! game show and all elements thereof, including but not limited to copyright and trademark thereto, are the property of Jeopardy Productions, Inc. and are protected under law. This website is not affiliated with, sponsored by, or operated by Jeopardy Productions, Inc. Join the discussion at JBoard.tv.